000 00298nam a2200145Ia 4500
100 _aDongawlal
650 _aFitter
942 _cBK
654 _atrade fittter
245 _aTrade -Fitter -Paper solutions
260 _bAnmin
_aPune
082 _a621.9
_bDON
546 _aENGLISH
999 _c32121
_d32121